| 000 | 004320000a22001810004500 | ||
|---|---|---|---|
| 003 | LK-CoMWRAF | ||
| 008 | 230817t ||||| |||| 00| 0 eng d | ||
| 040 |
_aLK-CoMWRAF _dLK-CoMWRAF _eLK-CoMWRAF |
||
| 041 | _aeng | ||
| 082 |
_a150 _bALG |
||
| 100 | _aAl- Ghassaly, Mohamed | ||
| 245 |
_aAnnalarin Alagiya Valimurai _b |
||
| 250 | _a2nd.ed | ||
| 260 |
_aBeruwala _bTNBIP _c1991 |
||
| 300 | _ap.28 | ||
| 650 | _aIslam | ||
| 942 | _cBK | ||
| 999 |
_c2722 _d2722 |
||